| 000 | 00592nam a2200157 a 4500 | ||
|---|---|---|---|
| 008 | 120416s1977 ||||||||||||||||| || u | ||
| 050 | _aTH 2031 Gal | ||
| 100 | _aHunt, Peter | ||
| 245 | 1 | 0 |
_aSelf-help construction of 1-story buildings _cedited by Jim Seston |
| 260 |
_aWashington, D.C. _bInformation Collection & Exchange Div _c1977 |
||
| 300 | _a3v. : ill | ||
| 350 | _a0.00 | ||
| 700 | _aGallant, Peter | ||
| 700 | _aSeaton, Jim | ||
| 995 |
_D0.00 _FCBU-MAIN LIBRARY (Kitwe) _H1 _I18.00 _M1 _UAVAILABLE _ZAnnex Low-Usage Collection |
||
| 999 |
_c57280 _d57280 |
||